Tisíc očí /
Román, inspirovaný skutečnými událostmi, je napínavá rodinná sága, mapující období od druhé světové války až do současnosti.
Uloženo v:
| Hlavní autor: | |
|---|---|
| Médium: | Kniha |
| Jazyk: | Czech |
| Vydáno: |
V Brně :
Jota,
2025
|
| Vydání: | Vydání první |
| Témata: | |
| Celkem bylo vypůjčeno: | 0x |
| Tagy: |
Žádné tagy |
| LEADER | 02148nam a2200337 i 4500 | ||
|---|---|---|---|
| 001 | 106158 | ||
| 003 | CZ PrNK | ||
| 005 | 20260417112252.0 | ||
| 007 | ta | ||
| 008 | 251205s2025 xr a g 000 f cze | ||
| 015 | |a cnb003724095 | ||
| 020 | |a 9788076892903 |q (vázáno) | ||
| 040 | |a ABG001 |b cze |e rda | ||
| 072 | 7 | |a 821.162.3-3 |x Česká próza |2 Konspekt |9 25 | |
| 080 | |a 821.162.3-31 |2 MRF | ||
| 080 | |a (0:82-31) |2 MRF | ||
| 100 | 1 | |a Fíla, Ivan, |d 1956- |7 ola2002139648 |4 aut |9 109217 | |
| 245 | 1 | 0 | |a Tisíc očí / |c Ivan Fíla |
| 250 | |a Vydání první | ||
| 264 | 1 | |a V Brně : |b Jota, |c 2025 | |
| 300 | |a 511 stran : |b ilustrace (převážně barevné) ; |c 21 cm | ||
| 336 | |a text |b txt |2 rdacontent | ||
| 337 | |a bez média |b n |2 rdamedia | ||
| 338 | |a svazek |b nc |2 rdacarrier | ||
| 520 | 2 | |a Román, inspirovaný skutečnými událostmi, je napínavá rodinná sága, mapující období od druhé světové války až do současnosti. |b Sugestivní příběh o hledání vlastní identity, o vině a trestu, pomstě a odpuštění nás zavede do pekla koncentračních táborů, rozbombardovaných německých měst, komunistických gulagů, do drsné a zádumčivé krajiny Jeseníků i luxusního světa mezinárodního jet setu. Přiblíží nám nitra zločinců i jejich obětí, nezdolnou touhu po životě, spravedlnosti a vykoupení. Kdy se stává z pomsty odpuštění? Je pykat naživu horší než smrt? Dřímá v každém z nás potenciální vrah? Jaké má následky propojení posttotalitní oligarchie s "nezávislou" justicí? Existenciální drama s prvky mystického thrilleru se svým originálním vypravěčským stylem vymyká jakékoli jednoznačnosti a žánrovému klišé. Ivan Fíla vytvořil moderní evropský román - trpké svědectví o minulosti, která stále formuje naši přítomnost. Nakladatelská anotace. Kráceno. | |
| 655 | 7 | |a české romány |7 fd133974 |2 czenas |9 54031 | |
| 655 | 9 | |a Czech fiction |2 eczenas | |
| 910 | |a UOG502 | ||
| 942 | |2 ddc |c KN | ||
| 999 | |d 106158 | ||
| 993 | |0 0 |1 421180106882 |2 ddc |4 0 |7 0 |9 99474 |b 0 |c 106882 |d 2026-04-17 |e 0 |f DOSP |h 598.00 |i Koupě |l DOSP |r 2026-04-17 |t 6 |w 2026-04-17 |y KN |z BELET |n | ||